| 000 | 00677cam a2200241 4500500 | ||
|---|---|---|---|
| 005 | 20260329004536.0 | ||
| 041 | _afre | ||
| 042 | _adc | ||
| 100 | 1 | 0 |
_aNathan, Tobie _eauthor |
| 245 | 0 | 0 | _aMasque. Le fétiche des apparences |
| 260 | _c2020. | ||
| 500 | _a14 | ||
| 690 | _aAfrique | ||
| 690 | _aCoronavirus | ||
| 690 | _aCovid-19 | ||
| 690 | _aÉpidémie | ||
| 690 | _aEthnomythologies | ||
| 690 | _aMasque | ||
| 690 | _aProtection | ||
| 690 | _aTobie Nathan | ||
| 786 | 0 | _nPhilosophie magazine | 139 | 6 | 2020-06-01 | p. 10-10 | 1951-1787 | |
| 856 | 4 | 1 | _uhttps://shs.cairn.info/magazine-philosophie-magazine-2020-6-page-10?lang=fr&redirect-ssocas=7080 |
| 999 |
_c1834952 _d1834952 |
||